| 000 | 00557nam a2200193Ia 4500 | ||
|---|---|---|---|
| 003 | OSt | ||
| 005 | 20200911131215.0 | ||
| 008 | 190216s9999||||xx |||||||||||||| ||und|| | ||
| 020 | _a9780070423305 | ||
| 040 | _coclc | ||
| 082 |
_a621.3817 _bMIL/M |
||
| 100 |
_aMillman, Jacob _94522 |
||
| 245 | 0 |
_aMicroelectronics / _cJacob Millman ; Arvin Grabel |
|
| 250 | _a2nd Ed. | ||
| 260 |
_bTata Mcgrawhill Publishers, _c2003. _aNew Delhi: |
||
| 300 | _a1001p | ||
| 650 | _aPhysics | ||
| 942 |
_cBK _2ddc _h621.3817 _iMIL/M _k621.3817 _mMIL/M |
||
| 999 |
_c33861 _d33861 |
||